000 00955nam0a22002891 4500
001 rc\4877744
005 20250613024835.0
021 _aRU
_b[67-40354]
035 _a(NLR Aleph) 008914505
090 _a8784877
_c8784877
100 _a20130426d1967 |||y0rusy50 ca
101 0 _arus
102 _aRU
105 _aa z |||||
200 1 _aНаш старший брат
_e[Сборник]
_fСост. Р. Болтаев, Б. Фаррух
210 _a[Душанбе
_cИрфон
_d1967]
215 _a264 с., 9 л. ил.
_d21
606 _aКоммунистическое строительство
_yТаджикская ССР
_2psbo
606 _aДружба народов СССР
_2psbo
607 _aТаджикская ССР (х. л.)
_2psbo
702 1 _aБолтаев
_bР.
_4220
702 1 _aФаррух
_bБ.
_4220
801 0 _aRU
_bNLR
_gpsbo
801 1 _aRU
_bELAR
_2rusmarc
852 _aNLR
_j67-3/3131
942 _cBOOK
980 _aNB